Kuplet o Brně /

Hlavní autor: Matysíková, Libuše, 1948-
Další autoři: Křivánková, Hana
Jazyk: Čeština
Vydáno: [Němčice nad Hanou] : L. Matysíková, 2015
Témata:
Fyzický popis: 42 s. : il. ; 21 cm
Knihy
Uloženo v:
LEADER 01034nam a2200313 a 4500
001 nkc20152685057
003 CZ PrNK
005 20150617091059.0
007 ta
008 150430s2015 xr a g 000 p cze
015 |a cnb002685057 
020 |a 978-80-260-7847-0  |q (brož.) 
035 |a (OCoLC)910988288 
040 |a ABA001  |b cze  |d OLA001 
072 7 |a 821.162.3-1  |x Česká poezie  |2 Konspekt  |9 25 
080 |a 821.162.3-1  |2 MRF 
080 |a (0:82-1)  |2 MRF 
100 1 |a Matysíková, Libuše,  |d 1948-  |7 jo2003190765  |4 aut 
245 1 0 |a Kuplet o Brně /  |c Libuše Matysíková ; [ilustrace Hana Křivánková] 
260 |a [Němčice nad Hanou] :  |b L. Matysíková,  |c 2015 
300 |a 42 s. :  |b il. ;  |c 21 cm 
655 7 |a česká poezie  |7 fd133958  |2 czenas 
655 9 |a Czech poetry  |2 eczenas 
700 1 |a Křivánková, Hana  |4 ill 
910 2 |a BOA001  |b 2-1344.951 
990 |a BK 
995 |a 01 
991 |b 201506  |c NOV  |e b 
996 6 |b 2610632269  |c 2-1344.951  |l MZK  |r Sklad / do 1 hodiny  |n 1  |p p.v.  |w 001503731  |u 000010  |a 1  |e BOA001  |j MZK50  |s P